Nat︠s︡ionalʹnyĭ dokhod i finansy SSSR.

Saved in:
Bibliographic Details
Main Author: Zverev, Arseniĭ Grigorʹevich.
Format: Book
Language:Russian
Published: Moskva, Gosfinizdat, 1961.
Subjects:
Tags: Add Tag
No Tags, Be the first to tag this record!
LEADER 00608nam a2200217I 4500
001 006957868-0
005 20020606163548.3
008 810304s1961 ru a b 000 0 rusr
010 |a  62028252  
035 0 |a ocm07188901 
040 |a DLC  |c ZXC  |d ZXC  |d HLS 
050 0 |a HC340.I5  |b Z89 
100 1 |a Zverev, Arseniĭ Grigorʹevich. 
245 1 0 |a Nat︠s︡ionalʹnyĭ dokhod i finansy SSSR. 
260 |a Moskva,  |b Gosfinizdat,  |c 1961. 
300 |a 343 p.  |b illus.  |c 23 cm. 
504 |a Includes bibliography. 
650 0 |a Income  |z Soviet Union. 
650 0 |a Finance  |z Soviet Union. 
988 |a 20020608 
906 |0 DLC